MARC details
| 000 -CABECERA |
| campo de control de longitud fija |
01005nam a2200241 a 4500 |
| 005 - FECHA Y HORA DE LA ÚLTIMA TRANSACCIÓN |
| campo de control |
20250116063828.0 |
| 008 - ELEMENTOS DE LONGITUD FIJA--INFORMACIÓN GENERAL |
| campo de control de longitud fija |
991125s1978 mx 000 0 spa u |
| 035 ## - NÚMERO DE CONTROL DEL SISTEMA |
| Número de control de sistema |
UPN01000010635 |
| 049 ## - COLECCIÓN |
| Colección |
SEP |
| 050 #4 - SIGNATURA TOPOGRÁFICA DE LA BIBLIOTECA DEL CONGRESO |
| Número de clasificación |
LC5309 U58 |
| Número de documento/Ítem |
P4001 1978c |
| 100 1# - ASIENTO PRINCIPAL--NOMBRE PERSONAL |
| Nombre de persona |
Díaz Infante Núñez, Josefina |
| 245 10 - MENCIÓN DE TÍTULO |
| Título |
Concepto, estructura y jerarquía científica de la pedagogía : |
| Resto del título |
tercera parte / |
| Mención de responsabilidad, etc. |
autores Josefina Díaz Infante Núñez, Ana María Avila Gallo, Mario Martínez Loyo |
| 260 ## - PUBLICACIÓN, DISTRIBUCIÓN, ETC. |
| Lugar de publicación, distribución, etc. |
México : |
| Nombre del editor, distribuidor, etc. |
SEP, Dirección General de Capacitación y Mejoramiento Profesional del Magisterio, |
| Fecha de publicación, distribución, etc. |
1978 |
| 300 ## - DESCRIPCIÓN FÍSICA |
| Extensión |
94 p. : |
| Otras características físicas |
il |
| 440 #0 - MENCIÓN DE SERIE/ASIENTO SECUNDARIO--TÍTULO |
| Título |
Area de pedagogía y didáctica generales : curso único$vunidad ; 1 |
| 650 #4 - ASIENTO SECUNDARIO DE MATERIA - TERMINO TEMATICO |
| Término de materia o nombre geográfico como elemento de entrada |
Educación |
| 9 (RLIN) |
682 |
| 650 #4 - ASIENTO SECUNDARIO DE MATERIA - TERMINO TEMATICO |
| Término de materia o nombre geográfico como elemento de entrada |
Educación a distancia |
| Subdivisión geográfica |
México |
| 9 (RLIN) |
14380 |
| 700 2# - ASIENTO SECUNDARIO--NOMBRE DE PERSONAL |
| Nombre de persona |
Avila Gallo, Ana María, |
| Término indicativo de función/relación |
coaut. |
| 700 2# - ASIENTO SECUNDARIO--NOMBRE DE PERSONAL |
| Nombre de persona |
Martínez Loyo, Mario, |
| Término indicativo de función/relación |
coaut. |
| 710 1# - ASIENTO SECUNDARIO - NOMBRE CORPORATIVO |
| Nombre de entidad corporativa o nombre de jurisdicción como elemento de entrada |
Programa Nacional de Capacitación del Magisterio (México) |
| 9 (RLIN) |
29442 |
| 904 ## - ELEMENTOS DE DATOS D LOCAL, LDD (RLIN) |
| a |
AC |
| b |
010636 |
| 905 ## - TIPO DE MATERIAL |
| Tipo de material |
Libro |